<?xml version="1.0" encoding="UTF-8"?>
<record
    xmlns:xsi="http://www.w3.org/2001/XMLSchema-instance"
    xsi:schemaLocation="http://www.loc.gov/MARC21/slim http://www.loc.gov/standards/marcxml/schema/MARC21slim.xsd"
    xmlns="http://www.loc.gov/MARC21/slim">

  <leader>00182    a2200085   4500</leader>
  <datafield tag="020" ind1=" " ind2=" ">
    <subfield code="a">9780636014831</subfield>
  </datafield>
  <datafield tag="082" ind1=" " ind2=" ">
    <subfield code="a">EJF LESL</subfield>
  </datafield>
  <datafield tag="100" ind1=" " ind2=" ">
    <subfield code="a">Leslie, Faith</subfield>
    <subfield code="9">105978</subfield>
  </datafield>
  <datafield tag="245" ind1=" " ind2=" ">
    <subfield code="a">The Donkey kids</subfield>
  </datafield>
  <datafield tag="999" ind1=" " ind2=" ">
    <subfield code="c">742155</subfield>
    <subfield code="d">742154</subfield>
  </datafield>
  <datafield tag="942" ind1=" " ind2=" ">
    <subfield code="w">2694</subfield>
    <subfield code="x">Grace Mofokeng</subfield>
    <subfield code="y">2694</subfield>
    <subfield code="z">Grace Mofokeng</subfield>
  </datafield>
  <datafield tag="952" ind1=" " ind2=" ">
    <subfield code="0">0</subfield>
    <subfield code="1">0</subfield>
    <subfield code="4">0</subfield>
    <subfield code="6">EJF_LESL</subfield>
    <subfield code="7">0</subfield>
    <subfield code="8">F</subfield>
    <subfield code="9">674281</subfield>
    <subfield code="a">KINRL</subfield>
    <subfield code="b">KINRL</subfield>
    <subfield code="c">FIC</subfield>
    <subfield code="d">2022-12-02</subfield>
    <subfield code="l">0</subfield>
    <subfield code="o">EJF LESL</subfield>
    <subfield code="p">KINRL22120001</subfield>
    <subfield code="r">2022-12-02</subfield>
    <subfield code="w">2022-12-02</subfield>
    <subfield code="y">BOOK</subfield>
  </datafield>
</record>
